| 000 | 00422nam a22001457a 4500 | ||
|---|---|---|---|
| 008 | 140130b xxu||||| |||| 00| 0 eng d | ||
| 100 |
_9120 _aLesikar, Raymond V. |
||
| 245 |
_aBasic Business communication _cby Raymond V. Lesikar & Marie E. Flatlye. |
||
| 250 | _a6th ed. | ||
| 260 |
_bA.I.T.B.S, _cc1999. _aNew Delhi, |
||
| 300 | _a100p | ||
| 650 | 0 |
_939 _aManagement |
|
| 700 |
_9121 _a Flatlye, Marie E. |
||
| 942 |
_2ddc _cBK |
||
| 999 |
_c84 _d84 |
||